|
|
|
|
| LEADER |
00000nab a2200000 a 4500 |
| 001 |
vtls000612659 |
| 003 |
SK-MaSNL |
| 005 |
20260304012516.0 |
| 008 |
140302c1997 xo 0 slo |
| 015 |
|
|
|a SNBRB19rr/mm-uuuuu
|
| 035 |
|
|
|a CL0612798
|
| 040 |
|
|
|a SNKBUCL
|b slo
|c SNKBUCL
|e AACR2
|
| 041 |
0 |
|
|a slo
|
| 044 |
|
|
|a xo
|c SK
|
| 080 |
|
|
|a 616.31/.32-006.6
|2 1981
|
| 100 |
1 |
|
|a Danko, Ján,
|d 1950-
|4 aut
|9 133280
|
| 245 |
1 |
0 |
|a Zhubné nádory orofaciálnej oblasti
|c Ján Danko, Ján Švidráň, Štefan Zmeko
|
| 300 |
|
|
|b Grafy 4, obr. 2
|
| 650 |
0 |
7 |
|a orofaciálna oblasť
|2 snkbucl
|9 2554
|
| 650 |
0 |
7 |
|a malígne nádory
|2 snkbucl
|9 70958
|
| 655 |
|
7 |
|a články z novín a časopisov
|2 snkbucl
|9 267496
|
| 700 |
1 |
|
|a Švidráň, Ján
|4 aut
|9 318124
|
| 700 |
1 |
|
|a Zmeko, Štefan
|4 aut
|9 1239893
|
| 773 |
0 |
|
|t Zdravotnícke noviny
|g Roč. 2, č. 2 (1997)
|
| 773 |
0 |
|
|t [Príl.] Lekárske listy
|g Č. 2 (1997), s. 8-9
|
| 850 |
|
|
|a Slovenská národná knižnica v Martine
|a MTA001
|
| 852 |
|
|
|a SNK
|b KIS3GCP
|
| 958 |
|
|
|a ME
|
| 958 |
|
|
|a RK
|
| 992 |
|
|
|a RBX
|
| 999 |
|
|
|c 2571821
|d 2573751
|